000 00623nam a2200205 a 4500
001 000024221
005 20240513203638.0
008 110120s1969 ve r 000 e spa d
040 _aDO-SdBNP
_bspa
_cBNPHU
082 _a323.6
_bS942s
100 1 _aSucre, José Francisco,
_d1937-
_949746
245 1 0 _aSobre el fetichismo y la libertad :
_bensayo /
_cJoé Francisco Sucre.
260 _aCaracas, (Venezuela) :
_bMonte Ávila editores,
_c1969.
300 _a157, [2] p. ;
_c19 cm.
490 1 _aEstudio
650 0 _aHistoria social
_978961
650 0 _aCambio social
_91661
830 0 _aEstudio
_911006
049 _aBNGR
999 _c23715
_d23715